<?xml version="1.0" encoding="UTF-8"?>
<marc:record xmlns:marc="http://www.loc.gov/MARC21/slim">
   <marc:leader>00000nam a2200000 a 4500</marc:leader>
   <marc:datafield ind1="1" ind2=" " tag="100">
      <marc:subfield code="a">Arnaldur, Indriðason</marc:subfield>
      <marc:subfield code="4">aut</marc:subfield>
      <marc:subfield code="e">Verfasser/-in</marc:subfield>
   </marc:datafield>
   <marc:datafield ind1="1" ind2=" " tag="100">
      <marc:subfield code="a">Cordex Regius</marc:subfield>
   </marc:datafield>
   <marc:datafield ind1="0" ind2="0" tag="245">
      <marc:subfield code="a">Codex Regius</marc:subfield>
   </marc:datafield>
   <marc:datafield ind1="0" ind2="0" tag="245">
      <marc:subfield code="c">Arnaldur Indriðason</marc:subfield>
   </marc:datafield>
   <marc:datafield ind1=" " ind2="1" tag="264">
      <marc:subfield code="a">Bergisch Gladbach</marc:subfield>
      <marc:subfield code="b">Lübbe</marc:subfield>
      <marc:subfield code="c">2008</marc:subfield>
   </marc:datafield>
   <marc:datafield ind1="1" ind2=" " tag="490">
      <marc:subfield code="a">Lübbe audio - Bücher zum Hören</marc:subfield>
   </marc:datafield>
   <marc:datafield ind1="1" ind2=" " tag="520">
      <marc:subfield code="a">Kopenhagen in den 50er Jahren: Die Begegnung mit seinem Professor stellt Valdemars bisher beschauliches Leben völlig auf den Kopf. Der junge Isländer war nach Dänemark gereist, um über die alten Pergamenthandschriften zu forschen. Er kommt düsteren Geheimnissen auf die Spur und macht sich zusammen mit dem Professor auf die Suche nach einer Reihe verloren gegangener Manuskripte. Ihre Jagd führt die beiden durch halb Europa, und nicht selten geraten sie dabei in große Gefahr - denn für diese wertvollen Kulturschätze sind andere bereit, über Leichen zu gehen ...</marc:subfield>
   </marc:datafield>
   <marc:datafield ind1=" " ind2=" " tag="020">
      <marc:subfield code="a">378573705X</marc:subfield>
      <marc:subfield code="9">378573705X</marc:subfield>
   </marc:datafield>
   <marc:datafield ind1="0" ind2=" " tag="490">
      <marc:subfield code="v">0</marc:subfield>
   </marc:datafield>
   <marc:datafield ind1=" " ind2=" " tag="300">
      <marc:subfield code="a">282 Minuten</marc:subfield>
   </marc:datafield>
</marc:record>
